|
|
|
|
| LEADER |
00691pam a22002178a 4500 |
| 001 |
00016617 |
| 005 |
20171026081022.0 |
| 008 |
110411s1984 ||||||Viesd |
| 041 |
0 |
# |
|a Vie
|
| 082 |
1 |
4 |
|a 624
|b C455T
|
| 100 |
0 |
# |
|a Seleplev,A.M
|
| 245 |
0 |
0 |
|a Công tác trát vữa
|c A.M,Sepelev, Mai Tây Lộ
|
| 260 |
# |
# |
|a H.
|b Công nhân kỹ thuật
|c 1984
|
| 300 |
# |
# |
|a 361 tr.
|b Hình vẽ
|c 19 cm.
|
| 650 |
# |
4 |
|a Phương pháp
|
| 653 |
# |
# |
|a Trát vữa
|a Xây dựng
|
| 700 |
0 |
# |
|a Mai Tây Lộ
|
| 852 |
# |
# |
|j KD.0002005
|
| 852 |
# |
# |
|j KD.0002005
|b Kho đọc
|
| 910 |
|
|
|d 11/04/2011
|
| 980 |
# |
# |
|a Trung tâm Học liệu Lê Vũ Hùng, Trường Đại học Đồng Tháp
|